[Event "Penang Mini op1st"]
[Site "Penang"]
[Date "2018.06.17"]
[Round "9"]
[White "Tin, Shan Ze"]
[Black "Lieu, Chin Yung"]
[Result "0-1"]
[WhiteElo "1450"]
[BlackElo "1776"]
[PlyCount "124"]
[EventDate "2018.06.13"]
[EventType "swiss"]
[EventRounds "9"]
[EventCountry "MAS"]
[SourceTitle "CBM 184 Extra"]
[Source "ChessBase"]
[SourceDate "2018.06.28"]
[SourceVersion "1"]
[SourceVersionDate "2018.06.28"]
[SourceQuality "1"]

1. d4 d5 2. c4 e6 3. Nc3 Nf6 4. Bg5 Be7 5. e3 0-0 6. Bd3 h6 7. Bh4 b6 8. Nf3 Bb7 9. 0-0 Nbd7 10. Qe2 c5 11. Rac1 Ne4 12. Bxe7 Qxe7 13. cxd5 exd5 14. Ba6 Ndf6 15. Bxb7 Qxb7 16. dxc5 bxc5 17. b3 Rac8 18. Rfd1 Nxc3 19. Rxc3 Qb4 20. Rcc1 a5 21. Ne5 a4 22. Nd3 Qa5 23. Qd2 Qxd2 24. Rxd2 axb3 25. axb3 c4 26. Rdc2 Rfd8 27. Ne5 Re8 28. f4 Rb8 29. bxc4 dxc4 30. Rxc4 Nd5 31. Rd4 Nxe3 32. Rd7 Rb2 33. g3 Ra8 34. Re1 Raa2 35. Nf3 Ng4 36. Red1 Nxh2 37. Nd2 Rxd2 38. R1xd2 Rxd2 39. Ra7 Ng4 40. Ra5 Ne3 41. Kh1 Rg2 42. f5 Rf2 43. g4 Nxg4 44. Kg1 Rb2 45. Ra4 Nf6 46. Ra8+ Kh7 47. Ra7 Rb5 48. Rxf7 Rxf5 49. Kg2 Rf4 50. Ra7 Rb4 51. Kh2 Rb3 52. Rc7 h5 53. Rc4 Kh6 54. Ra4 g5 55. Ra6 Kg6 56. Kg2 h4 57. Ra5 h3+ 58. Kf2 Ng4+ 59. Kf1 Rb1+ 60. Ke2 h2 61. Ra4 h1Q 62. Ra5 Qd1# 0-1

[Event "Penang op 8th"]
[Site "Penang"]
[Date "2016.12.09"]
[Round "7"]
[White "Ho, Xinglun Royce"]
[Black "Lieu, Chin Yung"]
[Result "0-1"]
[WhiteElo "1536"]
[BlackElo "1875"]
[PlyCount "110"]
[EventDate "2016.12.05"]
[EventType "swiss"]
[EventRounds "9"]
[EventCountry "MAS"]
[SourceTitle "CBM 176 Extra"]
[Source "ChessBase"]
[SourceDate "2017.03.02"]
[SourceVersion "1"]
[SourceVersionDate "2017.03.02"]
[SourceQuality "1"]

1. e4 c6 2. c4 d5 3. exd5 cxd5 4. cxd5 Qxd5 5. Nc3 Qd8 6. d4 e6 7. Nf3 Nf6 8. Bd3 Be7 9. 0-0 0-0 10. Bc2 Nc6 11. a3 Bd7 12. Qd3 g6 13. Bh6 Re8 14. Qd2 Rc8 15. Bd3 Na5 16. Qe2 a6 17. Rad1 b5 18. Ne5 Nc4 19. Bxc4 bxc4 20. Nxc4 Nd5 21. Bd2 Nxc3 22. Bxc3 Bb5 23. b3 Qd5 24. Ra1 Bxc4 25. bxc4 Qxc4 26. Qxc4 Rxc4 27. Rfc1 Rec8 28. Bd2 Bf6 29. Rxc4 Rxc4 30. Be3 Bxd4 31. Bxd4 Rxd4 32. Kf1 Rd2 33. g3 Kg7 34. Kg2 h5 35. h4 Rb2 36. Kf3 e5 37. a4 f5 38. Ra3 a5 39. Ke3 Rb4 40. Kd3 Kh6 41. Ke3 Rg4 42. Kf3 g5 43. hxg5+ Kxg5 44. Kg2 h4 45. Kf3 hxg3 46. fxg3 Rb4 47. Kg2 Kg4 48. Kf2 f4 49. gxf4 exf4 50. Kg2 Rb2+ 51. Kf1 f3 52. Kg1 Kg3 53. Ra1 Rg2+ 54. Kf1 Rh2 55. Kg1 f2+ 0-1

[Event "Penang op 8th"]
[Site "Penang"]
[Date "2016.12.06"]
[Round "2"]
[White "Greenwood, Martin"]
[Black "Lieu, Chin Yung"]
[Result "0-1"]
[WhiteElo "1554"]
[BlackElo "1875"]
[PlyCount "76"]
[EventDate "2016.12.05"]
[EventType "swiss"]
[EventRounds "9"]
[EventCountry "MAS"]
[SourceTitle "CBM 176 Extra"]
[Source "ChessBase"]
[SourceDate "2017.03.02"]
[SourceVersion "1"]
[SourceVersionDate "2017.03.02"]
[SourceQuality "1"]

1. e4 c6 2. d4 d5 3. Nc3 dxe4 4. Nxe4 Bf5 5. Ng3 Bg6 6. Nf3 h6 7. Ne5 Bh7 8. c3 e6 9. Bd3 Bxd3 10. Qxd3 Nf6 11. Ne4 Nbd7 12. Nxd7 Qxd7 13. Nxf6+ gxf6 14. Qf3 f5 15. Bf4 Bd6 16. Bxd6 Qxd6 17. 0-0-0 0-0-0 18. g3 h5 19. h4 Rdg8 20. Rhe1 Qd5 21. Qxd5 cxd5 22. Rd3 Rg4 23. Kd2 Kd7 24. b3 Rc8 25. Rg1 f4 26. Rf3 Rcg8 27. Re1 f5 28. Rg1 Rxh4 29. gxh4 Rxg1 30. Rxf4 Ra1 31. a4 Ra2+ 32. Kd3 a5 33. c4 Kc6 34. cxd5+ Kxd5 35. Rf3 Rb2 36. Kc3 Re2 37. Rf4 Re4 38. Rxe4 Kxe4 0-1

[Event "Penang op 8th"]
[Site "Penang"]
[Date "2016.12.05"]
[Round "1"]
[White "Lieu, Chin Yung"]
[Black "Pitra, Andika"]
[Result "0-1"]
[WhiteElo "1875"]
[BlackElo "2308"]
[PlyCount "68"]
[EventDate "2016.12.05"]
[EventType "swiss"]
[EventRounds "9"]
[EventCountry "MAS"]
[SourceTitle "CBM 176 Extra"]
[Source "ChessBase"]
[SourceDate "2017.03.02"]
[SourceVersion "1"]
[SourceVersionDate "2017.03.02"]
[SourceQuality "1"]

1. e4 c5 2. Nf3 Nc6 3. d4 cxd4 4. Nxd4 e5 5. Nxc6 bxc6 6. Bc4 Nf6 7. 0-0 Be7 8. Nc3 0-0 9. Qd3 d6 10. Bg5 h6 11. Bxf6 Bxf6 12. Rad1 Be7 13. Kh1 Qc7 14. Ne2 Rb8 15. f4 Rxb2 16. f5 d5 17. Bb3 Qa5 18. Qg3 Bf6 19. Nc3 Ba6 20. exd5 Bxf1 21. Rxf1 Rxb3 22. axb3 cxd5 23. b4 Qa6 24. b5 Qb7 25. Qd3 Rd8 26. Ne2 e4 27. Qb3 Qd7 28. b6 axb6 29. Qxb6 Qd6 30. Qb3 Be5 31. Qh3 d4 32. Ng1 Qc6 33. Qh4 Bf6 34. Qf2 Rc8 0-1

[Event "Penang op 7th"]
[Site "Penang"]
[Date "2015.12.11"]
[Round "7"]
[White "Chuah, Jin Jonathan Hai"]
[Black "Lieu, Chin Yung"]
[Result "1-0"]
[WhiteElo "2217"]
[BlackElo "1846"]
[PlyCount "55"]
[EventDate "2015.12.07"]
[EventType "swiss"]
[EventRounds "9"]
[EventCountry "MAS"]
[SourceTitle "CBM 169 Extra"]
[Source "ChessBase"]
[SourceDate "2015.12.18"]
[SourceVersion "1"]
[SourceVersionDate "2015.12.18"]
[SourceQuality "1"]

1. e4 c5 2. Nf3 d6 3. d4 cxd4 4. Nxd4 Nf6 5. Nc3 a6 6. Bc4 e6 7. Bb3 Nc6 8. Be3 Be7 9. f3 0-0 10. Qd2 Na5 11. 0-0-0 b5 12. g4 b4 13. Na4 d5 14. e5 Nd7 15. f4 Nc5 16. Nxc5 Bxc5 17. Kb1 Qc7 18. Qf2 Be7 19. f5 Nc4 20. f6 Nxe3 21. fxe7 Qxe7 22. Qxe3 Bd7 23. c4 bxc3 24. Qxc3 Rfc8 25. Qe3 Qb4 26. Rc1 Rcb8 27. Rc7 Ba4 28. Qf4 1-0

[Event "Penang op 7th"]
[Site "Penang"]
[Date "2015.12.08"]
[Round "2"]
[White "Lieu, Chin Yung"]
[Black "Saw, Lye Guan"]
[Result "1-0"]
[WhiteElo "1846"]
[BlackElo "1543"]
[PlyCount "89"]
[EventDate "2015.12.07"]
[EventType "swiss"]
[EventRounds "9"]
[EventCountry "MAS"]
[SourceTitle "CBM 169 Extra"]
[Source "ChessBase"]
[SourceDate "2015.12.18"]
[SourceVersion "1"]
[SourceVersionDate "2015.12.18"]
[SourceQuality "1"]

1. e4 c5 2. Nf3 d6 3. d4 cxd4 4. Nxd4 Nf6 5. Nc3 a6 6. Be3 e5 7. Nb3 Be7 8. f3 Be6 9. Qd2 b5 10. Be2 Nbd7 11. 0-0 Rc8 12. Rfd1 Nb6 13. Na5 Qc7 14. Rdc1 d5 15. Bf2 Bb4 16. Qg5 Bxa5 17. Qxg7 Ke7 18. Bh4 Nbd7 19. Nxd5+ Bxd5 20. exd5 Rcg8 21. Qh6 Rg6 22. Qh5 Rhg8 23. g3 Bb6+ 24. Kh1 Kf8 25. Qf5 e4 26. fxe4 Bd4 27. c3 Be5 28. Qf2 Nxe4 29. Qe3 Nxg3+ 30. hxg3 Rxg3 31. Bxg3 Rxg3 32. Qh6+ Ke8 33. Rg1 Qc5 34. Rxg3 Bxg3 35. Qh5 Qf2 36. Rf1 Qh2+ 37. Qxh2 Bxh2 38. Kxh2 Ke7 39. d6+ Kxd6 40. Rxf7 Nc5 41. Rxh7 Na4 42. Ra7 Nxb2 43. Rxa6+ Kc5 44. Ra5 Nc4 45. Bxc4 1-0

[Event "Penang op 7th"]
[Site "Penang"]
[Date "2015.12.07"]
[Round "1"]
[White "Gong, Qianyun"]
[Black "Lieu, Chin Yung"]
[Result "1-0"]
[WhiteElo "2317"]
[BlackElo "1846"]
[PlyCount "85"]
[EventDate "2015.12.07"]
[EventType "swiss"]
[EventRounds "9"]
[EventCountry "MAS"]
[SourceTitle "CBM 169 Extra"]
[Source "ChessBase"]
[SourceDate "2015.12.18"]
[SourceVersion "1"]
[SourceVersionDate "2015.12.18"]
[SourceQuality "1"]

1. e4 c5 2. Nf3 d6 3. d4 cxd4 4. Qxd4 Nc6 5. Bb5 Bd7 6. Bxc6 bxc6 7. Nc3 Qb6 8. Qd3 Bc8 9. Be3 Ba6 10. Bxb6 Bxd3 11. cxd3 axb6 12. Ke2 g6 13. Rhc1 Bg7 14. Nd1 c5 15. a4 Nh6 16. Nd2 0-0 17. Nc4 Rab8 18. Nc3 Bxc3 19. bxc3 b5 20. axb5 Rxb5 21. Ra7 Re8 22. f3 Kg7 23. g4 Ng8 24. g5 Reb8 25. Nd2 Rb2 26. h4 R8b7 27. Rxb7 Rxb7 28. Ra1 e6 29. Ra6 Rd7 30. Nc4 d5 31. Nd6 Rd8 32. e5 Rb8 33. Ra7 Rb2+ 34. Ke3 d4+ 35. cxd4 cxd4+ 36. Kf4 Rb8 37. Rxf7+ Kh8 38. Rd7 Rf8+ 39. Ke4 h5 40. Nf7+ Kg7 41. Nd8+ Kh8 42. Nxe6 Re8 43. Nf4 1-0

[Event "Penang op 6th"]
[Site "Penang"]
[Date "2014.12.12"]
[Round "9"]
[White "Azman Hisham, Nur Najiha"]
[Black "Lieu, Chin Yung"]
[Result "1-0"]
[WhiteElo "1974"]
[BlackElo "1813"]
[PlyCount "71"]
[EventDate "2014.12.08"]
[EventType "swiss"]
[EventRounds "9"]
[EventCountry "MAS"]
[SourceTitle "CBM 163 Extra"]
[Source "ChessBase"]
[SourceDate "2014.12.23"]
[SourceVersion "1"]
[SourceVersionDate "2014.12.23"]
[SourceQuality "1"]

1. d4 e6 2. c4 c5 3. Nf3 cxd4 4. Nxd4 Nc6 5. Nc3 a6 6. a3 Be7 7. e4 Nf6 8. Be3 0-0 9. Be2 d5 10. exd5 exd5 11. cxd5 Nxd5 12. Nxd5 Qxd5 13. Bf3 Qa5+ 14. b4 Qc7 15. Nxc6 bxc6 16. Rc1 Bb7 17. Qb3 Bd6 18. h3 Rfe8 19. 0-0 Re6 20. Kh1 Bf4 21. Bxf4 Qxf4 22. Rc4 Qh6 23. Qc3 Rd8 24. Rc1 Rdd6 25. a4 g5 26. Rc5 Rg6 27. Re1 Rd8 28. Kg1 Qg7 29. Qc1 Qf8 30. b5 Rd4 31. bxc6 Bc8 32. c7 Rxa4 33. Bc6 Rxc6 34. Rxc6 g4 35. Qg5+ Kh8 36. Qd8 1-0

[Event "Penang op 6th"]
[Site "Penang"]
[Date "2014.12.09"]
[Round "3"]
[White "Lieu, Chin Yung"]
[Black "Alahakoon, Isuru"]
[Result "0-1"]
[WhiteElo "1813"]
[BlackElo "2143"]
[PlyCount "65"]
[EventDate "2014.12.08"]
[EventType "swiss"]
[EventRounds "9"]
[EventCountry "MAS"]
[SourceTitle "CBM 163 Extra"]
[Source "ChessBase"]
[SourceDate "2014.12.23"]
[SourceVersion "1"]
[SourceVersionDate "2014.12.23"]
[SourceQuality "1"]

1. e4 c5 2. Nf3 d6 3. d4 cxd4 4. Nxd4 Nf6 5. Nc3 a6 6. Bc4 e6 7. Bb3 Nbd7 8. Be3 Nc5 9. f3 Qc7 10. Qd2 b5 11. 0-0-0 b4 12. Nce2 Nxb3+ 13. axb3 d5 14. Ng3 dxe4 15. Nxe4 Nxe4 16. fxe4 Bb7 17. Bg5 e5 18. Nf3 f6 19. Rhf1 Be7 20. Bh6 gxh6 21. Nxe5 fxe5 22. Qxh6 Bxe4 23. Rd2 Rf8 24. Re1 Bg6 25. h4 Rc8 26. Kb1 Bxc2+ 27. Rxc2 Qxc2+ 28. Ka2 Rc5 29. Qxa6 Rf6 30. Qa4+ Kf7 31. g4 Qd3 32. Re3 Qxe3 33. Qxb4 0-1

[Event "Penang op-A 5th"]
[Site "Penang"]
[Date "2013.12.12"]
[Round "6"]
[White "Lieu, Chin Yung"]
[Black "Lim, Ming Xian"]
[Result "1/2-1/2"]
[WhiteElo "1834"]
[BlackElo "1686"]
[PlyCount "70"]
[EventDate "2013.12.09"]
[EventType "swiss"]
[EventRounds "9"]
[EventCountry "MAS"]
[SourceTitle "CBM 157 Extra"]
[Source "ChessBase"]
[SourceDate "2013.12.19"]
[SourceVersion "1"]
[SourceVersionDate "2013.12.19"]
[SourceQuality "1"]

1. e4 e6 2. d4 d5 3. Nc3 Nf6 4. Bg5 Be7 5. e5 Nfd7 6. Bxe7 Qxe7 7. Qg4 g6 8. 0-0-0 a6 9. h4 h5 10. Qf4 c5 11. dxc5 Qxc5 12. Qg3 Nc6 13. f4 b5 14. Bd3 Bb7 15. Nh3 0-0-0 16. Ng5 Qe7 17. Rh3 Kb8 18. Bxb5 axb5 19. Nxb5 Nb6 20. Nd6 Rhf8 21. Qb3 Nc8 22. Rc3 Nxd6 23. Rxc6 Ne4 24. Rd4 Rc8 25. Rb6 Nxg5 26. Rxb7+ Qxb7 27. Rb4 Rc7 28. hxg5 Rfc8 29. Rxb7+ Rxb7 30. Qa3 Rc4 31. Qd6+ Ka7 32. g3 h4 33. gxh4 Rxf4 34. Qa3+ Kb8 35. Qd6+ Ka7 1/2-1/2

[Event "Penang op-A 5th"]
[Site "Penang"]
[Date "2013.12.10"]
[Round "3"]
[White "Wong, Shyun Fwu Aldrin"]
[Black "Lieu, Chin Yung"]
[Result "1/2-1/2"]
[WhiteElo "1618"]
[BlackElo "1834"]
[PlyCount "70"]
[EventDate "2013.12.09"]
[EventType "swiss"]
[EventRounds "9"]
[EventCountry "MAS"]
[SourceTitle "CBM 157 Extra"]
[Source "ChessBase"]
[SourceDate "2013.12.19"]
[SourceVersion "1"]
[SourceVersionDate "2013.12.19"]
[SourceQuality "1"]

1. e4 c5 2. Nf3 d6 3. d3 g6 4. g3 Bg7 5. Bg2 Nf6 6. 0-0 0-0 7. Re1 Nc6 8. c3 e5 9. a3 a5 10. a4 Rb8 11. Na3 Bg4 12. h3 Be6 13. Be3 b6 14. Nd2 d5 15. exd5 Nxd5 16. Qf3 Nxe3 17. Qxe3 Ne7 18. Nac4 f6 19. f4 Nf5 20. Qf3 Bxc4 21. Nxc4 exf4 22. Qxf4 Qxd3 23. Kh2 Bh6 24. Qg4 Rbe8 25. Be4 Qxc4 26. Bxf5 Qxg4 27. Bxg4 f5 28. Bf3 Re3 29. Rxe3 Bxe3 30. Rd1 f4 31. g4 Rb8 32. Bc6 Bf2 33. Kg2 Bg3 34. Rd7 Kh8 35. Kf3 Re8 1/2-1/2